Polyfunkčné bytové domy Nejedlého ul., II. etapa

Uložené v:
Podrobná bibliografia
Hlavný autor: Haring, Patrik (Autor)
Ďalší autori: Jankovichová, Eva (Vedúci práce)
Médium: Rukopis Kniha
Jazyk:Slovak
Vydavateľské údaje: 2015
Predmet:
On-line prístup:http://is.stuba.sk/zp/portal_zp.pl?podrobnosti=109382
https://opac.crzp.sk/?fn=detailBiblioForm&sid=78283B71680DBAF21444D71D22D4
Tagy: Pridať tag
Žiadne tagy, Buďte prvý, kto otaguje tento záznam!

MARC

LEADER 00000ntm a22000003a 4500
001 stuzp51828
003 SK-STU
005 20231012160952.5
007 ta
008 150427s2015----xo-----f-mn---000-0-slo-d
040 |a STU  |b slo 
041 0 |a slo 
100 1 |a Haring, Patrik  |u 010270  |4 aut  |U SvF Stavebná fakulta  |T SvF Katedra technológie stavieb  |X 7388  |U V270  |Y 28  |7 A000007388 
242 0 1 |a Apartment building Nejedleho, II. phase  |y eng 
245 1 0 |a Polyfunkčné bytové domy Nejedlého ul., II. etapa 
260 |c 2015 
650 4 |a Zariadenie staveniska  |2 slo 
650 4 |a Časový plán  |2 slo 
650 4 |a Omietkové systémy  |2 slo 
650 4 |a Site equipment  |2 eng 
650 4 |a Schedule  |2 eng 
650 4 |a Plaster system  |2 eng 
700 1 |a Jankovichová, Eva  |4 ths  |X 647  |7 A000000647 
856 4 |u http://is.stuba.sk/zp/portal_zp.pl?podrobnosti=109382 
856 4 |u https://opac.crzp.sk/?fn=detailBiblioForm&sid=78283B71680DBAF21444D71D22D4 
SQL |a stuzp51828  |b DDP  |c SLO  |d Polyfunkčné bytové domy Nejedlého ul., II. etapa  |e 7388  |f Haring, Patrik  |g 010270  |h 647  |i Jankovichová, Eva  |j 20150617  |k 681  |l 01  |m http://is.stuba.sk/zp/portal_zp.pl?podrobnosti=109382  |n I-TS  |o 5.2.8. stavebníctvo